[Event "7. LGA Premium Cup"]
[Site "Nürnberg"]
[Date "2010.09.03"]
[Round "3.47"]
[White "Reis, Gerhard"]
[Black "Luther, Helmut"]
[Result "1/2-1/2"]
[WhiteElo "2225"]
[BlackElo "2020"]
[PlyCount "87"]
[EventDate "2010.??.??"]
[WhiteTeam "SK Zirndorf e.V."]
[BlackTeam "SW Nürnberg Süd e.V."]

1. Nf3 d5 2. d4 Nf6 3. c4 e6 4. Nc3 c6 5. e3 Be7 6. Qc2 Nbd7 7. g4 dxc4 8. Bxc4
Nb6 9. Be2 Nbd5 10. e4 Nxc3 11. bxc3 Qc7 12. g5 Nd7 13. a4 c5 14. Bc4 cxd4 15.
cxd4 O-O 16. Be3 Nb6 17. Bd3 Qxc2 18. Bxc2 Nc4 19. Bf4 b6 20. Bd3 Bd6 21. Bg3
Bb4+ 22. Ke2 Na5 23. Rab1 Be7 24. Rhc1 Bb7 25. Rc7 Bd8 26. Rc3 Be7 27. h4 Rfc8
28. Rbc1 Rxc3 29. Rxc3 Rc8 30. Rc7 Bd8 31. Rd7 Kf8 32. d5 exd5 33. exd5 Ke8 34.
Rxb7 Nxb7 35. Ba6 Rc2+ 36. Kd3 Nc5+ 37. Kxc2 Nxa6 38. Kc3 Nc5 39. Kb4 f6 40.
gxf6 gxf6 41. a5 Kd7 42. Nd4 a6 43. Nf5 Ne4 44. axb6 1/2-1/2

[Event "7. LGA Premium Cup"]
[Site "Nürnberg"]
[Date "2010.09.03"]
[Round "3.48"]
[White "Kahlert, Thomas"]
[Black "Adler, Herbert"]
[Result "1-0"]
[WhiteElo "2221"]
[BlackElo "2006"]
[PlyCount "81"]
[EventDate "2010.??.??"]
[WhiteTeam "SK Norderstedt von 1975"]
[BlackTeam "SG Büchenbach/Roth e.V."]

1. c4 Nf6 2. Nc3 e6 3. e4 d6 4. d4 b6 5. Bd3 Bb7 6. Nf3 Nbd7 7. O-O Be7 8. Qe2
e5 9. d5 a5 10. g3 Nc5 11. Bc2 Bc8 12. Nh4 Bh3 13. Re1 Ng4 14. Nf5 g6 15. Nxe7
Qxe7 16. f3 Nf6 17. Be3 Nfd7 18. Nd1 Nf8 19. Nf2 Bd7 20. f4 f6 21. Rf1 h5 22.
f5 g5 23. h3 Kf7 24. b3 Qe8 25. Rfb1 Ra7 26. a3 Qa8 27. Qd2 Be8 28. Qc3 Nfd7
29. b4 Nb7 30. Nd3 Nb8 31. c5 axb4 32. axb4 bxc5 33. bxc5 Nxc5 34. Nxc5 dxc5
35. Bxc5 Rxa1 36. Rxa1 Qb7 37. Ra7 Qc8 38. d6 Bd7 39. Bb3+ Kg7 40. Qc4 Qe8 41.
dxc7 1-0

[Event "7. LGA Premium Cup"]
[Site "Nürnberg"]
[Date "2010.09.03"]
[Round "3.49"]
[White "Donchenko, Alexander"]
[Black "Süß, Stefan"]
[Result "1-0"]
[WhiteElo "2204"]
[BlackElo "1992"]
[PlyCount "145"]
[EventDate "2010.??.??"]
[WhiteTeam "SK 1858 Gießen"]
[BlackTeam "SC Noris-Tarrasch Nürnberg 1873"]

1. d4 Nf6 2. Nf3 g6 3. c4 Bg7 4. g3 O-O 5. Bg2 c6 6. O-O d5 7. Qb3 dxc4 8. Qxc4
Qd5 9. Qb4 Qd6 10. Qb3 Na6 11. Nc3 Qb4 12. Qxb4 Nxb4 13. Bd2 Bf5 14. Rac1 Rac8
15. a3 Nbd5 16. Na4 Ne4 17. Rfd1 Nxd2 18. Nxd2 Bg4 19. Nf3 Bh6 20. Ra1 Bf5 21.
Ne1 Nf6 22. e3 Bg7 23. Rac1 Rfd8 24. b4 Be4 25. Bh3 Bf5 26. Bf1 e5 27. Nc5 b6
28. Nb7 Rd7 29. dxe5 Rxd1 30. Rxd1 Ng4 31. Nd6 Rd8 32. Be2 Be6 33. f4 Nxe3 34.
Rc1 Bf8 35. Kf2 Nf5 36. Nxf5 Bxf5 37. Rxc6 Bd7 38. Rc1 a5 39. Rb1 Bf5 40. Rb2
axb4 41. axb4 Rd4 42. b5 Bc5 43. Kg2 Bb4 44. Nf3 Be4 45. Kf1 Bxf3 46. Bxf3 h5
47. Ke2 h4 48. Bc6 hxg3 49. hxg3 Kg7 50. Ra2 Ba5 51. Ke3 Rd1 52. Be4 Rg1 53.
Kf2 Rd1 54. Kf3 Rd2 55. Ra1 Rb2 56. Bd3 Rd2 57. Be2 g5 58. Rc1 gxf4 59. gxf4
Rd4 60. Rc6 Bd2 61. Rf6 Ba5 62. Ke3 Rd7 63. Bc4 Bb4 64. Ke4 Bc5 65. Bd5 Re7 66.
Bc6 Bf2 67. Kd5 Bh4 68. Rd6 Bg3 69. Ke4 Re6 70. Rd7 Bh4 71. f5 Re8 72. Rb7 Bf2
73. Bxe8 1-0

[Event "7. LGA Premium Cup"]
[Site "Nürnberg"]
[Date "2010.09.03"]
[Round "3.50"]
[White "Maurer, Christian"]
[Black "Eppinger, Georg"]
[Result "0-1"]
[WhiteElo "1990"]
[BlackElo "2212"]
[PlyCount "120"]
[EventDate "2010.??.??"]
[WhiteTeam "SK Kelheim 1920"]
[BlackTeam "SGEM Dreisamtal"]

1. d4 Nf6 2. c4 c5 3. d5 g6 4. Nc3 Bg7 5. Nf3 O-O 6. Bf4 d6 7. h3 Qa5 8. Nd2
Nh5 9. Bh2 Bxc3 10. bxc3 Qxc3 11. g4 Ng7 12. Rc1 Qa5 13. Qb3 f5 14. g5 Na6 15.
e3 Rb8 16. Rc3 Bd7 17. Qa3 Qc7 18. Bg2 Nb4 19. O-O a5 20. h4 a4 21. f3 Qa5 22.
Ra1 Na6 23. Bf1 Nc7 24. e4 b5 25. Qc1 f4 26. Rc2 b4 27. Rb1 e5 28. Kg2 Qa6 29.
Bg1 Qc8 30. Bf2 Nh5 31. Rcb2 a3 32. Rc2 Na8 33. Nb3 Qd8 34. Kh2 Kg7 35. Bh3
Bxh3 36. Kxh3 Rb7 37. Qg1 Qc8+ 38. Qg4 Ra7 39. Kh2 Re8 40. Qg1 Kg8 41. Nd2 Nb6
42. Nb3 Na4 43. Qg4 Nc3 44. Qxc8 Rxc8 45. Rbc1 Kf7 46. Kh3 Ke8 47. Kg4 Na4 48.
Kh3 Kd7 49. Kg2 Kc7 50. Rg1 Kb6 51. Be1 Rf8 52. Nc1 Nb2 53. Kf1 Ka6 54. Ke2 Ng7
55. Nb3 Ne8 56. Bf2 Na4 57. Nd2 Nc7 58. Ra1 Na8 59. Rcc1 N8b6 60. Be1 Rh8 0-1

[Event "7. LGA Premium Cup"]
[Site "Nürnberg"]
[Date "2010.09.03"]
[Round "3.51"]
[White "Zwingel, Stephan"]
[Black "Hirschberg, Valerian"]
[Result "0-1"]
[WhiteElo "2036"]
[BlackElo "2137"]
[PlyCount "36"]
[EventDate "2010.??.??"]
[WhiteTeam "SK Zirndorf e.V."]
[BlackTeam "SV Pfinztal e. V."]

1. Nf3 Nf6 2. g3 c5 3. Bg2 g6 4. O-O Bg7 5. c3 O-O 6. d3 d5 7. Nbd2 Nc6 8. e4
e5 9. Re1 h6 10. a3 a5 11. Qc2 Be6 12. exd5 Nxd5 13. Ne4 b6 14. c4 Nde7 15. Nc3
Rc8 16. Bd2 Qd7 17. Rab1 Rfe8 18. Bf1 Bg4 0-1

[Event "7. LGA Premium Cup"]
[Site "Nürnberg"]
[Date "2010.09.03"]
[Round "3.52"]
[White "Bauer, Andreas"]
[Black "Lais, Thomas"]
[Result "0-1"]
[WhiteElo "2199"]
[BlackElo "1916"]
[PlyCount "104"]
[EventDate "2010.??.??"]
[WhiteTeam "SC Postbauer-Heng e.V"]
[BlackTeam "SW Nürnberg Süd e.V."]

1. c4 Nf6 2. g3 g6 3. Bg2 d5 4. cxd5 Nxd5 5. Nc3 c6 6. Nf3 Bg7 7. O-O O-O 8. e4
Nb6 9. d4 Bg4 10. Ne2 Qd7 11. b3 Rd8 12. Be3 c5 13. dxc5 Bxa1 14. Qxa1 Bxf3 15.
Bxf3 Nc8 16. Bh6 f6 17. e5 Nc6 18. exf6 exf6 19. Qxf6 Qf7 20. Qc3 N8e7 21. Nf4
Nf5 22. Be2 Rd4 23. Bg4 Re8 24. Bxf5 Qxf5 25. h4 Qf6 26. Bg5 Qf7 27. Re1 Rxe1+
28. Qxe1 Qd7 29. Kh2 Rd1 30. Qe2 Rd2 31. Qf1 Rxa2 32. b4 Ne5 33. b5 Rxf2+ 34.
Qxf2 Ng4+ 35. Kg1 Nxf2 36. Kxf2 Qxb5 37. Be7 Qb2+ 38. Kf3 Qc3+ 39. Kg4 a5 40.
Bd6 a4 41. h5 gxh5+ 42. Nxh5 a3 43. Kf5 a2 44. Nf6+ Kf7 45. Ne4 Qf3+ 46. Bf4
Qxe4+ 47. Kxe4 a1=Q 48. Bd6 Ke6 49. Kf4 Qd4+ 50. Kg5 Qf6+ 51. Kg4 Qf5+ 52. Kh4
h5 0-1

[Event "7. LGA Premium Cup"]
[Site "Nürnberg"]
[Date "2010.09.03"]
[Round "3.53"]
[White "Eperjesi, Laszlo"]
[Black "Pühn, Georg"]
[Result "1/2-1/2"]
[WhiteElo "2194"]
[BlackElo "1961"]
[PlyCount "69"]
[EventDate "2010.??.??"]
[WhiteTeam "Ungarn"]
[BlackTeam "SC Noris-Tarrasch Nürnberg 1873"]
[WhiteTeamCountry "HUN"]

1. d4 d5 2. Nf3 Nf6 3. c4 e6 4. e3 c6 5. Nbd2 Nbd7 6. Bd3 Bd6 7. O-O O-O 8. Qc2
Re8 9. Rd1 g6 10. e4 e5 11. cxd5 cxd5 12. Bb5 a6 13. dxe5 Bxe5 14. Bxd7 Bxd7
15. exd5 Bf5 16. Qb3 b5 17. Nxe5 Rxe5 18. Nf3 Rxd5 19. Bg5 Rxd1+ 20. Rxd1 Qb6
21. h3 Be6 22. Qb4 Rd8 23. Rxd8+ Qxd8 24. Qf4 Qd1+ 25. Kh2 Ne8 26. Nd2 Qc2 27.
Qd4 Qc7+ 28. Bf4 Qd7 29. Qb6 Bxa2 30. Qxa6 Bd5 31. Qb6 Bc6 32. f3 Nf6 33. Qb8+
Qe8 34. Bd6 Nh5 35. Be5 1/2-1/2

[Event "7. LGA Premium Cup"]
[Site "Nürnberg"]
[Date "2010.09.03"]
[Round "3.54"]
[White "Meulner, Klaus"]
[Black "Arnold, Max"]
[Result "0-1"]
[WhiteElo "2188"]
[BlackElo "1950"]
[PlyCount "58"]
[EventDate "2010.??.??"]
[WhiteTeam "SW Nürnberg Süd e.V."]
[BlackTeam "SF Pfalzgrafenweiler"]

1. Nf3 c5 2. c4 g6 3. d4 cxd4 4. Nxd4 Nf6 5. Nc3 Nc6 6. Nc2 Bg7 7. e4 d6 8. Be2
O-O 9. O-O Nd7 10. Be3 Bxc3 11. bxc3 Qa5 12. Qe1 Nc5 13. f3 Qa4 14. Nb4 Be6 15.
Qh4 f6 16. Nd5 Rac8 17. Qh6 Rf7 18. g4 Ne5 19. g5 Bxd5 20. cxd5 Qc2 21. Bb5
Qxc3 22. Bf4 fxg5 23. Bxg5 Nxf3+ 24. Kh1 Nxg5 25. Qxg5 Rcf8 26. Rac1 Qb4 27.
Rxf7 Rxf7 28. Bf1 Qxe4+ 29. Bg2 Qf4 0-1

[Event "7. LGA Premium Cup"]
[Site "Nürnberg"]
[Date "2010.09.03"]
[Round "3.55"]
[White "Werner, Thomas"]
[Black "Seibold, Hubert"]
[Result "1/2-1/2"]
[WhiteElo "2004"]
[BlackElo "2180"]
[PlyCount "64"]
[EventDate "2010.??.??"]
[WhiteTeam "SW Nürnberg Süd e.V."]
[BlackTeam "SK Zirndorf e.V."]

1. d4 d5 2. c4 c6 3. cxd5 cxd5 4. Bf4 Nc6 5. Nc3 Nf6 6. Nf3 e6 7. e3 Ne4 8. Bd3
Nxc3 9. bxc3 Bd7 10. O-O Be7 11. Qe2 f5 12. Ne5 Nxe5 13. Bxe5 O-O 14. c4 Bc6
15. Rfd1 Bf6 16. Bxf6 Qxf6 17. f3 Kh8 18. cxd5 Bxd5 19. Bc4 Bc6 20. Rd2 Rfd8
21. Rad1 Rac8 22. Bb3 Bd5 23. e4 Bxb3 24. axb3 h6 25. d5 fxe4 26. fxe4 exd5 27.
exd5 Rd6 28. Qe4 Qc3 29. Rd3 Qc5+ 30. Kh1 Rf8 31. h3 Rfd8 32. Qe7 Qb5 1/2-1/2

[Event "7. LGA Premium Cup"]
[Site "Nürnberg"]
[Date "2010.09.03"]
[Round "3.56"]
[White "Uhlmann, David"]
[Black "Mons, Leon"]
[Result "1/2-1/2"]
[WhiteElo "1997"]
[BlackElo "2178"]
[PlyCount "57"]
[EventDate "2010.??.??"]
[WhiteTeam "SC 1911 Großröhrsdorf"]
[BlackTeam "SC Forchheim e.V."]

1. d4 Nf6 2. c4 g6 3. Nc3 Bg7 4. e4 d6 5. f3 O-O 6. Be3 a6 7. Qd2 Nbd7 8. Nge2
c5 9. dxc5 dxc5 10. Nf4 Qa5 11. Ncd5 Qxd2+ 12. Bxd2 Nxd5 13. Nxd5 Bxb2 14.
Nxe7+ Kg7 15. Rb1 Bd4 16. Nxc8 Rfxc8 17. Rxb7 Ne5 18. Be2 Rcb8 19. Rb3 Rxb3 20.
axb3 Rb8 21. f4 Nd7 22. Bd1 Nf6 23. e5 Ne4 24. Bc2 Nxd2 25. Kxd2 Rd8 26. Bd3 f6
27. e6 f5 28. h3 Kf6 29. Re1 1/2-1/2

[Event "7. LGA Premium Cup"]
[Site "Nürnberg"]
[Date "2010.09.03"]
[Round "3.57"]
[White "Schönberger, Peter"]
[Black "Myagkov, Kirill"]
[Result "1-0"]
[WhiteElo "2174"]
[BlackElo "1795"]
[PlyCount "39"]
[EventDate "2010.??.??"]
[WhiteTeam "Caissa Schwarmstedt"]
[BlackTeam "SC Noris-Tarrasch Nürnberg 1873"]

1. e4 e6 2. d4 d5 3. Nd2 g6 4. Ngf3 Bg7 5. c3 Nf6 6. Bd3 Nbd7 7. O-O c5 8. exd5
Nxd5 9. Ne4 cxd4 10. Nd6+ Ke7 11. Nxc8+ Rxc8 12. Nxd4 Re8 13. Bg5+ f6 14. Bh4
Kf8 15. Bb5 a6 16. Nxe6+ Rxe6 17. Qxd5 Nc5 18. Bc4 Qe7 19. Rfe1 Re8 20. Rxe6
1-0

[Event "7. LGA Premium Cup"]
[Site "Nürnberg"]
[Date "2010.09.03"]
[Round "3.58"]
[White "Knapp, Michael"]
[Black "Lauterbach, Ingrid"]
[Result "0-1"]
[WhiteElo "1989"]
[BlackElo "2169"]
[PlyCount "96"]
[EventDate "2010.??.??"]
[WhiteTeam "SV Mendig-Mayen e.V."]
[BlackTeam "Karlsruher SF 1853"]

1. d4 d6 2. c4 e5 3. dxe5 dxe5 4. Qxd8+ Kxd8 5. Nf3 f6 6. g3 c6 7. Bg2 Be6 8.
b3 Nd7 9. O-O Kc7 10. Nc3 g6 11. Rd1 Nh6 12. Ne4 Nf7 13. Be3 Be7 14. Rac1 Rad8
15. Rc2 Bf5 16. Ne1 Nd6 17. f3 Nxe4 18. fxe4 Be6 19. Nd3 b6 20. b4 Rhe8 21. a3
Nf8 22. Nf2 Rxd1+ 23. Nxd1 a6 24. c5 b5 25. Nf2 Bb3 26. Rd2 Ne6 27. Bh3 Rd8 28.
Bxe6 Bxe6 29. Rxd8 Bxd8 30. g4 f5 31. h3 Bf6 32. Kg2 fxe4 33. g5 Bg7 34. Nxe4
Bd5 35. Kf3 Kd7 36. Bd2 Ke6 37. Ke3 h6 38. h4 hxg5 39. hxg5 Kf5 40. Nc3 Bc4 41.
Kf2 e4 42. Nd1 Bd4+ 43. Be3 Be5 44. Bd2 Bd5 45. Ne3+ Ke6 46. Bc1 Bb3 47. Kg2
Bf4 48. Kf2 Bxg5 0-1

[Event "7. LGA Premium Cup"]
[Site "Nürnberg"]
[Date "2010.09.03"]
[Round "3.59"]
[White "Klek, Hanna-Marie"]
[Black "Rausch, Wolfgang"]
[Result "1-0"]
[WhiteElo "2169"]
[BlackElo "1794"]
[PlyCount "41"]
[EventDate "2010.??.??"]
[WhiteTeam "SC Erlangen 48/88"]
[BlackTeam "VSG 1880 Offenbach"]

1. e4 Nf6 2. e5 Nd5 3. d4 d6 4. c4 Nb6 5. f4 Bf5 6. Nc3 dxe5 7. fxe5 e6 8. Be3
Nc6 9. Be2 Nb4 10. Rc1 c5 11. Nf3 Nc6 12. d5 Nb4 13. d6 Nd7 14. O-O a6 15. Bg5
f6 16. exf6 gxf6 17. Nh4 Bg6 18. Bh5 Rg8 19. Qe2 Bxd6 20. Qxe6+ Qe7 21. Qxg8+
1-0

[Event "7. LGA Premium Cup"]
[Site "Nürnberg"]
[Date "2010.09.03"]
[Round "3.60"]
[White "Hartmann, Thomas"]
[Black "Martin Fernandez, Rodrigo"]
[Result "0-1"]
[WhiteElo "1986"]
[BlackElo "2169"]
[PlyCount "122"]
[EventDate "2010.??.??"]
[WhiteTeam "SC Weisse Dame Ulm e.V."]
[BlackTeam "SC Erlangen 48/88"]

1. d4 Nf6 2. c4 c5 3. Nf3 cxd4 4. Nxd4 g6 5. Nc3 Nc6 6. g3 Bg7 7. Bg2 O-O 8.
O-O Nxd4 9. Qxd4 d6 10. Qd3 Rb8 11. Nb5 a6 12. Nd4 Bg4 13. h3 Bd7 14. Bd2 Qc8
15. Kh2 Rd8 16. e4 Qc5 17. f4 Ng4+ 18. hxg4 Qxd4 19. Qxd4 Bxd4 20. Rab1 Bxg4
21. Bf3 h5 22. b3 Kg7 23. Kg2 f5 24. Rbe1 Bxf3+ 25. Rxf3 fxe4 26. Rxe4 Bf6 27.
Bc3 Bxc3 28. Rxc3 Rd7 29. Rce3 Kf7 30. Rd3 Rc8 31. Kh3 Rc5 32. b4 Rf5 33. Red4
Rc7 34. a4 a5 35. Rb3 axb4 36. Rxb4 Rfc5 37. g4 hxg4+ 38. Kxg4 Kf6 39. Re4 g5
40. fxg5+ Rxg5+ 41. Kf4 e5+ 42. Kf3 Rh7 43. c5 d5 44. Rb6+ Kf5 45. Re1 e4+ 46.
Ke2 Rg2+ 47. Kd1 Ke5 48. c6 bxc6 49. Rxc6 Ra2 50. Rc1 Rhh2 51. Rg1 Rxa4 52. Rb1
Raa2 53. Ke1 Rhg2 54. Rxg2 Rxg2 55. Rb4 Ra2 56. Kd1 d4 57. Rb5+ Kf4 58. Rh5 d3
59. Rh4+ Ke3 60. Rh3+ Kd4 61. Rh8 Ra1+ 0-1

[Event "7. LGA Premium Cup"]
[Site "Nürnberg"]
[Date "2010.09.03"]
[Round "3.61"]
[White "Melzner, Lukas"]
[Black "Heinz, Friedrich"]
[Result "1-0"]
[WhiteElo "2159"]
[BlackElo "1768"]
[PlyCount "53"]
[EventDate "2010.??.??"]
[WhiteTeam "SK Klosterlechfeld"]
[BlackTeam "SV Alsfeld"]

1. c4 e5 2. g3 Nc6 3. Bg2 Nf6 4. Nc3 Bc5 5. e3 d6 6. Nge2 Bg4 7. h3 Be6 8. d4
exd4 9. exd4 Bxc4 10. dxc5 Ne5 11. O-O O-O 12. cxd6 cxd6 13. b3 Ba6 14. b4 Qb6
15. b5 Bxb5 16. Nxb5 Qxb5 17. Nd4 Qc4 18. Be3 d5 19. Qb3 Qc8 20. Rac1 Qd7 21.
Qb5 Qd8 22. Qxb7 Nc4 23. Nc6 Qd6 24. Bf4 Qa3 25. Ne7+ Kh8 26. Nxd5 Rab8 27.
Bxb8 1-0

[Event "7. LGA Premium Cup"]
[Site "Nürnberg"]
[Date "2010.09.03"]
[Round "3.62"]
[White "Zeitler, Hans-Jürgen"]
[Black "Stein, Marco"]
[Result "0-1"]
[WhiteElo "1970"]
[BlackElo "2156"]
[PlyCount "66"]
[EventDate "2010.??.??"]
[WhiteTeam "SC Waischenfeld"]
[BlackTeam "SV Alsfeld"]

1. d4 d5 2. c4 c6 3. Nf3 Nf6 4. Nc3 e6 5. Bg5 dxc4 6. a4 Bb4 7. e4 b5 8. e5 h6
9. exf6 hxg5 10. fxg7 Rg8 11. Be2 Rxg7 12. Ne5 Bb7 13. Bf3 Qc7 14. O-O Bxc3 15.
bxc3 Nd7 16. Re1 a6 17. Bh5 Nxe5 18. Rxe5 O-O-O 19. Qc1 Rh8 20. Rxg5 Rgh7 21.
g4 f6 22. Rc5 Rg7 23. axb5 axb5 24. Qe3 e5 25. Kf1 exd4 26. Qxd4 Qxh2 27. Qxf6
Qh1+ 28. Ke2 Qxa1 29. Qxg7 Rd8 30. Qe5 Rd3 31. Qe8+ Kc7 32. Qe5+ Kb6 33. f3
Qb2+ 0-1

[Event "7. LGA Premium Cup"]
[Site "Nürnberg"]
[Date "2010.09.03"]
[Round "3.63"]
[White "Eber, Fabian"]
[Black "Finster, Michael"]
[Result "1/2-1/2"]
[WhiteElo "1942"]
[BlackElo "2153"]
[PlyCount "66"]
[EventDate "2010.??.??"]
[WhiteTeam "SF Wilhermsdorf e.V."]
[BlackTeam "SW Nürnberg Süd e.V."]

1. e4 e5 2. Nf3 Nc6 3. Bb5 a6 4. Bxc6 dxc6 5. d3 Bd6 6. Be3 c5 7. Nbd2 Ne7 8.
Nc4 f6 9. h3 Be6 10. Qd2 O-O 11. g4 b5 12. Nxd6 cxd6 13. b3 Qc7 14. c4 b4 15.
a4 bxa3 16. Rxa3 Nc6 17. O-O h5 18. Nh2 Qd7 19. f3 Nb4 20. Qe2 g5 21. Rfa1 Ra7
22. Nf1 Qh7 23. Kg2 Qg6 24. Ng3 hxg4 25. fxg4 Rh7 26. Rf1 Bc8 27. Raa1 Bb7 28.
Rf3 Kf7 29. Raf1 Ke6 30. Nh5 Rhf7 31. Ng3 Rh7 32. Nh5 Rhf7 33. Ng3 Rh7 1/2-1/2

[Event "7. LGA Premium Cup"]
[Site "Nürnberg"]
[Date "2010.09.03"]
[Round "3.64"]
[White "Demel, Paul"]
[Black "Siegl, Pascal"]
[Result "0-1"]
[WhiteElo "2152"]
[BlackElo "1643"]
[PlyCount "54"]
[EventDate "2010.??.??"]
[WhiteTeam "SK Kriegshaber"]
[BlackTeam "SW Nürnberg Süd e.V."]

1. e4 e5 2. Nf3 Nc6 3. Bb5 a6 4. Ba4 Nf6 5. O-O b5 6. Bb3 Be7 7. d4 Nxd4 8.
Bxf7+ Kxf7 9. Nxe5+ Kf8 10. Qxd4 Bb7 11. Nc3 d6 12. Nf3 h6 13. Nh4 Kf7 14. Nf5
Re8 15. Ne3 Kf8 16. Rd1 Nd7 17. f4 d5 18. Ncxd5 Bc5 19. Qd3 Nf6 20. Nxf6 Qxf6
21. e5 Qc6 22. Qe2 Rad8 23. Rf1 Re6 24. Kh1 Qe4 25. Qf3 Qxf3 26. gxf3 Rg6 27.
b4 Bxf3+ 0-1

[Event "7. LGA Premium Cup"]
[Site "Nürnberg"]
[Date "2010.09.03"]
[Round "3.65"]
[White "Baskin, Robert"]
[Black "Saathoff, Richard"]
[Result "1/2-1/2"]
[WhiteElo "1870"]
[BlackElo "2152"]
[PlyCount "35"]
[EventDate "2010.??.??"]
[WhiteTeam "SAbt TuS Makkabi Ffm"]
[BlackTeam "SW Nürnberg Süd e.V."]

1. e4 e5 2. Nf3 Nc6 3. Bb5 f5 4. d3 fxe4 5. dxe4 Nf6 6. O-O d6 7. Bc4 Na5 8.
Be2 Be6 9. Ng5 Bg8 10. Nc3 Be7 11. f4 exf4 12. Bxf4 Nc6 13. Qd2 Qd7 14. Nd5
O-O-O 15. h3 Kb8 16. Nxf6 Bxf6 17. Nf3 Qe7 18. Bd3 1/2-1/2

[Event "7. LGA Premium Cup"]
[Site "Nürnberg"]
[Date "2010.09.03"]
[Round "3.66"]
[White "Wettermann, Bernd"]
[Black "Herning, Jens"]
[Result "0-1"]
[WhiteElo "1768"]
[BlackElo "2151"]
[PlyCount "48"]
[EventDate "2010.??.??"]
[WhiteTeam "FC Konradsreuth"]
[BlackTeam "SG Büchenbach/Roth e.V."]

1. e4 c5 2. f4 e6 3. Nf3 d5 4. e5 Nc6 5. c3 Nge7 6. Be2 d4 7. d3 Nf5 8. O-O Be7
9. Na3 O-O 10. Nc2 b5 11. Nd2 Bb7 12. Ne4 Qb6 13. Bd2 c4 14. Be1 Rfd8 15. Bf2
Ne3 16. Bxe3 dxe3 17. Nd4 Nxd4 18. cxd4 Rxd4 19. Qe1 cxd3 20. Nf6+ gxf6 21.
Qg3+ Kh8 22. Bh5 Rg8 23. Qh4 Rxg2+ 24. Kh1 Rg4+ 0-1

[Event "7. LGA Premium Cup"]
[Site "Nürnberg"]
[Date "2010.09.04"]
[Round "3.67"]
[White "Matuschek, Thomas"]
[Black "Redzepovic, Irfan"]
[Result "0-1"]
[WhiteElo "1763"]
[BlackElo "2102"]
[PlyCount "86"]
[EventDate "2010.??.??"]
[WhiteTeam "SG Siemens Amberg"]
[BlackTeam "SW Nürnberg Süd e.V."]

1. Nf3 d5 2. b3 Bg4 3. Bb2 Nd7 4. d4 e6 5. e3 Ngf6 6. Be2 c5 7. Nbd2 Bd6 8. c4
O-O 9. O-O Bxf3 10. Nxf3 Ne4 11. cxd5 exd5 12. g3 Ndf6 13. dxc5 Bxc5 14. Bxf6
Nxf6 15. Qd3 Rc8 16. a3 Ne4 17. b4 Bb6 18. Rac1 Qd6 19. Rfd1 Qf6 20. Rxc8 Rxc8
21. Qxd5 Nc3 22. Qxb7 Nxe2+ 23. Kf1 Re8 24. Kxe2 Qb2+ 25. Rd2 Qxa3 26. Ne5 Qb3
27. Qd5 Qxd5 28. Rxd5 Rc8 29. Nd3 Rc2+ 30. Kf3 Kf8 31. Nc5 Ke7 32. Rd7+ Kf6 33.
Rd5 Ke7 34. Rd7+ Ke8 35. Rd5 Bd8 36. Rd7 a5 37. Rb7 axb4 38. Nd3 Be7 39. Nxb4
Rb2 40. Rb8+ Kd7 41. Nc6 Rxb8 42. Nxb8+ Kc7 43. Na6+ Kb7 0-1

[Event "7. LGA Premium Cup"]
[Site "Nürnberg"]
[Date "2010.09.04"]
[Round "3.68"]
[White "Henrichs, Thomas"]
[Black "Schlötterer, Hermann"]
[Result "1-0"]
[WhiteElo "2507"]
[BlackElo "1980"]
[PlyCount "45"]
[EventDate "2010.??.??"]
[WhiteTeam "Schachclub Hansa Dortmund e.V."]
[BlackTeam "SC Noris-Tarrasch Nürnberg 1873"]

1. e4 c5 2. Nf3 Nc6 3. d4 cxd4 4. Nxd4 Nf6 5. Nc3 e5 6. Ndb5 d6 7. Bg5 a6 8.
Na3 b5 9. Nd5 Qa5+ 10. Bd2 Qd8 11. c4 Nxe4 12. cxb5 Be6 13. Bc4 Nd4 14. b6 Nc5
15. Nc7+ Kd7 16. Be3 Rb8 17. b4 Ne4 18. Bxd4 exd4 19. O-O Qf6 20. Qa4+ Ke7 21.
Nd5+ Bxd5 22. Bxd5 Nc3 23. Rfe1+ 1-0

[Event "7. LGA Premium Cup"]
[Site "Nürnberg"]
[Date "2010.09.04"]
[Round "3.69"]
[White "Schupp, Uwe"]
[Black "Hirschberg, Leander"]
[Result "1-0"]
[WhiteElo "2133"]
[BlackElo "1705"]
[PlyCount "65"]
[EventDate "2010.??.??"]
[WhiteTeam "SC Bad Nauheim"]
[BlackTeam "SV Pfinztal e. V."]

1. g3 e5 2. Bg2 Nf6 3. d3 d5 4. Nf3 Nc6 5. O-O Be7 6. Nbd2 Be6 7. e4 O-O 8. Re1
d4 9. a3 Bd6 10. b3 Ne7 11. Nc4 Ng6 12. a4 Bxc4 13. bxc4 h6 14. h4 c5 15. Nh2
Nd7 16. Bh3 Ne7 17. Rb1 b6 18. Bxh6 f5 19. Bg5 f4 20. Be6+ Rf7 21. Qh5 Qf8 22.
Bxf7+ Qxf7 23. Qxf7+ Kxf7 24. Bxe7 Kxe7 25. a5 Bc7 26. Nf3 fxg3 27. fxg3 Nf6
28. axb6 axb6 29. Ra1 Rc8 30. Ra7 Ng4 31. Rea1 Kf6 32. Rb7 Ne3 33. Raa7 1-0

[Event "7. LGA Premium Cup"]
[Site "Nürnberg"]
[Date "2010.09.03"]
[Round "3.70"]
[White "Bonk, Andras"]
[Black "Kregelin, Jan"]
[Result "1/2-1/2"]
[WhiteElo "1859"]
[BlackElo "2090"]
[PlyCount "69"]
[EventDate "2010.??.??"]
[WhiteTeam "SV Mendig-Mayen e.V."]
[BlackTeam "SC Hoyerswerda"]

1. e4 c6 2. d4 d5 3. Nc3 dxe4 4. Nxe4 Bf5 5. Ng3 Bg6 6. h4 h6 7. h5 Bh7 8. Nf3
Nd7 9. Bd3 Bxd3 10. Qxd3 e6 11. Bf4 Qa5+ 12. Bd2 Bb4 13. c3 Be7 14. Qe2 Ngf6
15. Ne5 O-O 16. O-O Rad8 17. f4 Qd5 18. a3 c5 19. Be3 cxd4 20. Bxd4 Bc5 21.
Rad1 Bxd4+ 22. Rxd4 Qc5 23. Rfd1 Nb6 24. Kh1 Rxd4 25. Rxd4 Qc7 26. Ne4 Nxe4 27.
Qxe4 Rd8 28. Rxd8+ Qxd8 29. Qxb7 Qh4+ 30. Kg1 Qe1+ 31. Kh2 Qh4+ 32. Kg1 Qxf4
33. Nc6 Qc1+ 34. Kh2 Qf4+ 35. Kg1 1/2-1/2

[Event "7. LGA Premium Cup"]
[Site "Nürnberg"]
[Date "2010.09.03"]
[Round "3.71"]
[White "Schweisgut, Jens"]
[Black "Stein, Tobias"]
[Result "0-1"]
[WhiteElo "1790"]
[BlackElo "2036"]
[PlyCount "78"]
[EventDate "2010.??.??"]
[WhiteTeam "SV Alsfeld"]
[BlackTeam "SV Alsfeld"]

1. e4 c5 2. Nf3 d6 3. d4 cxd4 4. Nxd4 Nf6 5. Nc3 a6 6. Be2 e5 7. Nb3 Be7 8. O-O
O-O 9. Be3 Be6 10. f3 Nbd7 11. Nd5 Bxd5 12. exd5 Nc5 13. Nxc5 dxc5 14. c4 Qc7
15. Qc2 Ne8 16. Bd3 h6 17. f4 Bd6 18. f5 e4 19. Bxe4 Bxh2+ 20. Kh1 Nf6 21. Rf3
Rfe8 22. Bd3 Ng4 23. Bf2 Bf4 24. g3 Bg5 25. Bf1 h5 26. Bh3 Ne5 27. Rc3 Rad8 28.
Rd1 Rd6 29. Kg2 Rh6 30. Be3 Bxe3 31. Rxe3 h4 32. Rde1 hxg3 33. Rxg3 f6 34. b3
Kf7 35. Rge3 Nf3 36. Rxf3 Rxe1 37. Qd2 Qe5 38. Rf2 Qe4+ 39. Kg3 Qh4+ 0-1

[Event "7. LGA Premium Cup"]
[Site "Nürnberg"]
[Date "2010.09.03"]
[Round "3.72"]
[White "Renner, Gabriele"]
[Black "Sha, Siyu"]
[Result "0-1"]
[WhiteElo "2008"]
[BlackElo "1918"]
[PlyCount "116"]
[EventDate "2010.??.??"]
[WhiteTeam "FC Bayern München e.V."]
[BlackTeam "SC Noris-Tarrasch Nürnberg 1873"]

1. e4 c5 2. Nc3 Nc6 3. g3 g6 4. Bg2 Bg7 5. d3 d6 6. Be3 e6 7. Qd2 Nd4 8. Nd1
Ne7 9. c3 Ndc6 10. Bh6 Bf6 11. Nf3 Rb8 12. h4 b5 13. Ne3 Ng8 14. Ng4 Nxh6 15.
Qxh6 b4 16. Qf4 Bg7 17. e5 bxc3 18. bxc3 dxe5 19. Nfxe5 Nxe5 20. Nxe5 Qf6 21.
Qa4+ Kf8 22. d4 Qf5 23. O-O Bxe5 24. dxe5 Qxe5 25. Qxa7 Rb2 26. Qa3 Rc2 27.
Rad1 Kg7 28. Rd3 Rf8 29. Re3 Qd6 30. Be4 Rd2 31. Qb3 e5 32. a4 Be6 33. c4 Rb8
34. Qc3 Rd4 35. Bg2 Bxc4 36. Rfe1 Rb3 37. Qc2 Rxe3 38. Rxe3 Bd3 39. Qb3 c4 40.
Qc3 f6 41. Re1 Qb6 42. Qa3 Rd7 43. a5 Qb3 44. Qc5 c3 45. Bc6 Rc7 46. Qd6 Rxc6
47. Qxd3 Qe6 48. Rc1 Qc8 49. Qe3 Qc7 50. a6 Rxa6 51. Rxc3 Ra1+ 52. Kg2 Qb7+ 53.
Qf3 e4 54. Qe3 Qa6 55. Rc7+ Kh8 56. Kh3 Rh1+ 57. Kg4 Qe6+ 58. Kf4 Qf5# 0-1

[Event "7. LGA Premium Cup"]
[Site "Nürnberg"]
[Date "2010.09.03"]
[Round "3.73"]
[White "Wiesgickl, Gerhard"]
[Black "Millikan, Erlend"]
[Result "1/2-1/2"]
[WhiteElo "2076"]
[BlackElo "1754"]
[PlyCount "45"]
[EventDate "2010.??.??"]
[WhiteTeam "SG Siemens Amberg"]
[BlackTeam "USA"]
[BlackTeamCountry "USA"]

1. e4 e5 2. Nf3 Nf6 3. Nc3 Bb4 4. Bc4 Bxc3 5. dxc3 Nxe4 6. Bxf7+ Kxf7 7. Qd5+
Kf8 8. Qxe4 d6 9. h3 Nc6 10. Bg5 Qd7 11. O-O-O Qf5 12. Qh4 Kf7 13. Be3 Rf8 14.
Qc4+ Ke8 15. Rhe1 Qe6 16. Qa4 Bd7 17. Qa3 h6 18. Nh2 Kf7 19. g4 Kg8 20. Nf1 a5
21. Ng3 b5 22. Qb3 Qxb3 23. axb3 1/2-1/2